| 000 | 00000cas 2200000za 4500 |
| 001 | 9.505184 |
| 003 | CaOODSP |
| 005 | 20260508084415 |
| 007 | cr ||||||||||| |
| 008 | 150406c20079999onc x m o||||f| |0eng|d |
| 022 | |a1925-0940 |
| 040 | |aCaOODSP|beng |
| 043 | |an-cn--- |
| 086 | 1 |aH113-25E-PDF |
| 130 | 0 |aRegistration decision. |
| 245 | 10|aRegistration decision |h[electronic resource]. |
| 260 | |aOttawa : |bHealth Canada, |c2007- |
| 310 | |aIrregular |
| 362 | 1 |aBegan with RD2007-03. |
| 500 | |aIssued also in French under title: Décision d'homologation. |
| 500 | |aElectronic serial in PDF format. |
| 520 | 3 |aUsed to announce the Agency's final decision concerning an application for a new active ingredient, a major new use of an existing active ingredient, or a special review. Normally follow a Proposed Regulatory Decision Document (PRDD). Summarizes the comments received during the consultation period and explains how the comments affected the final decision. |
| 550 | |aIssued by Pesticides Regulatory Directorate, Healthy Environments and Consumer Safety Branch, Health Canada since RD2026-11. |
| 710 | 1 |aCanada. |bPest Management Regulatory Agency. |
| 710 | 1 |aCanada. |bHealthy Environments and Consumer Safety Branch. |
| 775 | 08|tDécision d'homologation |w(CaOODSP)9.501583 |
| 776 | 0#|tRegistration decision |w(CaOODSP)9.515515 |